| 000 | 01023nas a2200313 4500 | ||
|---|---|---|---|
| 001 | BR8301585 | ||
| 003 | BR-BrBNA | ||
| 005 | 20231205085506.0 | ||
| 007 | ta | ||
| 008 | 230509b bl.|||p| |||| 00| 00por d | ||
| 040 |
_aBR-BrBNA _bpor _cBiblioteca Nacional de Agricultura |
||
| 041 | _a(Pt) | ||
| 072 | _aF22 | ||
| 100 | 1 | _aRocha, H.O. da | |
| 100 | 1 | _aSantos Filho, A. | |
| 100 | 1 | _aSchmidt, J. | |
| 245 | 1 | _aComposicao quimica total de latossolos de pedimentos da regiao de Curitiba e de Castro, Parana [Brasil] | |
| 246 | 1 | _aTotal chemical composition of latosols of pediments from the Curitiba and Castro region, State of Parana [Brazil] | |
| 650 | _aLATOSSOLO | ||
| 650 | _aSOLO | ||
| 650 | _aANALISE DO SOLO | ||
| 650 | _aCOMPOSICAO QUIMICA | ||
| 650 | _aCURITIBA | ||
| 650 | _aCASTRO | ||
| 650 | _aPARANÁ | ||
| 773 | 0 |
_tRevista do Setor de Ciencias Agrarias (Brazil) _xISSN 0100-607X _g(1982), v. 4(1-2) p. 71-73 _wBR8301585 |
|
| 909 |
_a202311 _bLúcia _c55 _dLúcia Elande |
||
| 942 |
_2AGRIS _n0 _cANA |
||
| 999 |
_c111782 _d111782 |
||